000 00805nam a2200229Ia 4500
003 GCL
008 140319s9999 xx 000 0 ara d
040 _aGCL /
_cGCL
082 0 4 _a910.3
_bا ك
100 1 _aاليعقوبى ,محمد بن عبد الله بن
245 1 0 _aكتاب الاعلاق النفيسة و يليه كتاب البلدان /
_cاليعقوبى ,محمد بن عبد الله بن
700 1 _aابن رستة : ابوعلى احمد بن عمر الفارسى الاصفهانى
260 _a[S.N] :
_bدار صادر ،
_c1893
300 _a373 ص
490 _a
650 0 4 _aالمعاجم
650 0 4 _aالجغرافيا
650 0 4 _aتقاويم البلدان
650 0 4 _aالكواكب
650 0 4 _aالاجرام السماوية
942 _2ddc
_cBK
999 _c32975
_d32975